000 00641cam a2200229 4500
008 090401t1990 xxu||||| |||| 00| 0 eng d
020 _a0851254624
035 _a(Sirsi) u26899
041 _aeng
050 _a693.82
100 _aMorgan, H.P.
245 _aDesign principles for smoke ventilation in enclosed shopping centres
260 _aBorehamwood,Herts
_bFire Research Station
_c1990
300 _av,34p. : ill. ; 30cm.
350 _a25
650 _aBUILT ENVIRONMENT-CONSTRUCTION DESIGN
650 _aBUILDING RESEARCH ESTABLISHMENT
650 _aFIRE
700 _aGardner, J.P.
942 _n0
948 _c04/03/1997
999 _c89005
_d89005